Normal view
MARC view
- Hattoo Ram, Rai Bahadar
Entry Personal Name
001 - CONTROL NUMBER
- control field: 25684
003 - CONTROL NUMBER IDENTIFIER
- control field: NUST
005 - DATE AND TIME OF LATEST TRANSACTION
- control field: 20191115160952.0
008 - FIXED-LENGTH DATA ELEMENTS
- fixed length control field: 191115|| aca||aabn | a|a d
040 ## - CATALOGING SOURCE
- Original cataloging agency: NUST
- Transcribing agency: NUST
100 ## - HEADING--PERSONAL NAME
- Personal name: Hattoo Ram, Rai Bahadar
670 ## - SOURCE DATA FOUND
- Source citation: Work cat.: (NUST)368632: Hattoo Ram, Rai Bahadar, Tareekh-e-Baluchistan /, 1998.
